Anthem of East Germany (Ostdeutschland) - Auferstanden Aus Ruinen - Statistics

General Stats
  • This quiz has been taken 23 times
  • The average score is 29 of 45
Answer Stats
Lyrics % Correct
Auferstanden
100%
aus
100%
Deutschland,
100%
Deutschland
100%
Deutschland
100%
Ruinen
100%
Über
89%
Über
89%
Und
78%
Und
78%
die
72%
Lass
72%
scheint.
72%
scheint.
72%
zu
72%
der
67%
nie
67%
Sonne
67%
uns
67%
uns
67%
Vaterland.
67%
wie
67%
zugewandt,
67%
Zukunft
67%
dienen,
56%
einig
56%
wir
56%
dir
50%
Guten
50%
schön
50%
sie
50%
zum
50%
Alte
44%
Daẞ
44%
doch
44%
es
44%
es
44%
Not
44%
zwingen,
44%
zwingen
44%
Denn
39%
gelingen,
39%
gilt
39%
muss
39%
vereint,
39%
No matching quizzes found
Score Distribution
Percent of People with Each Score
Percentile by Number Answered
Your Score History
You have not taken this quiz